书目信息 |
| 题名: |
居民日常生活安全指南
|
|
| 作者: | 孙黎明, 主编 | |
| 分册: | ||
| 出版信息: | 杭州 浙江教育出版社 2018.04 |
|
| 页数: | 116页 | |
| 开本: | 24cm | |
| 丛书名: | ||
| 单 册: | ||
| 中图分类: | X956-62 | |
| 科图分类: | ||
| 主题词: | 生活安全--sheng huo an quan--指南 | |
| 电子资源: | ||
| ISBN: | 978-7-5536-7296-0 | |
| 000 | 00798nam0 2200241 450 | |
| 001 | 202019137410 | |
| 005 | 20191026133320.0 | |
| 010 | @a978-7-5536-7296-0@dCNY28.00 | |
| 100 | @a20191022d2018 em y0chiy50 ea | |
| 101 | 0 | @achi |
| 102 | @aCN@b330000 | |
| 105 | @aa z 000yy | |
| 106 | @ar | |
| 200 | 1 | @a居民日常生活安全指南@Aju min ri chang sheng huo an quan zhi nan@f孙黎明主编 |
| 210 | @a杭州@c浙江教育出版社@d2018.04 | |
| 215 | @a116页@c彩图@d24cm | |
| 314 | @a孙黎明, 注册安全工程师。 | |
| 330 | @a本书内容包括: 日常生活安全不是奢望, 而是必需 ; 让我们的日常生活更安全 ; 事故的紧急处理等。 | |
| 606 | 0 | @a生活安全@Asheng huo an quan@j指南 |
| 690 | @aX956-62@v5 | |
| 701 | 0 | @a孙黎明,@Asun li ming@f1957-@4主编 |
| 801 | 0 | @aCN@c20190905 |
| 905 | @a河南城建学院图书馆@dX956-62@eS934 | |
| 居民日常生活安全指南/孙黎明主编.-杭州:浙江教育出版社,2018.04 |
| 116页:彩图;24cm |
| ISBN 978-7-5536-7296-0:CNY28.00 |
| 本书内容包括: 日常生活安全不是奢望, 而是必需 ; 让我们的日常生活更安全 ; 事故的紧急处理等。 |
| ● |
| 相关链接 |
|
|
|
正题名:居民日常生活安全指南
索取号:X956-62/S934
 
预约/预借
| 序号 | 登录号 | 条形码 | 馆藏地/架位号 | 状态 | 备注 |
| 1 | 1445984 | 214459842 | 自科库501/501自科库 123排1列1层/ [索取号:X956-62/S934] | 在馆 | |
| 2 | 1445985 | 214459851 | 自科库501/501自科库 123排1列1层/ [索取号:X956-62/S934] | 在馆 |